JANTUNGKU NADIKU / (Record no. 174598)

MARC details
000 -LEADER
fixed length control field 00995nam a22002897i 4500
005 - DATE AND TIME OF LATEST TRANSACTION
control field 20191013122245.0
008 - FIXED-LENGTH DATA ELEMENTS--GENERAL INFORMATION
fixed length control field 191013t20192019my aod|g |||| 00| 0 may d
020 ## - INTERNATIONAL STANDARD BOOK NUMBER
International Standard Book Number 9789834920227
Terms of availability RM20.00
Qualifying information paperback
040 ## - CATALOGING SOURCE
Original cataloging agency PPAK
Language of cataloging eng
Transcribing agency PPAK
Description conventions rda
082 04 - DEWEY DECIMAL CLASSIFICATION NUMBER
Edition number 23
Classification number 616.12
090 00 - LOCALLY ASSIGNED LC-TYPE CALL NUMBER (OCLC); LOCAL CALL NUMBER (RLIN)
Classification number (OCLC) (R) ; Classification number, CALL (RLIN) (NR) 616.12
Feature heading SUH
Feature heading G
100 0# - MAIN ENTRY--PERSONAL NAME
Personal name Suhairi Ibrahim, Dr.,
Relator term author.
245 10 - TITLE STATEMENT
Title JANTUNGKU NADIKU /
Statement of responsibility, etc. SUHAIRI IBRAHIM, WAN HASLINDAWANI WAN MAHMOOD
264 #1 - PRODUCTION, PUBLICATION, DISTRIBUTION, MANUFACTURE, AND COPYRIGHT NOTICE
Place of production, publication, distribution, manufacture Kuala Lumpur :
Name of producer, publisher, distributor, manufacturer Dewan Bahasa dan Pustaka,
Date of production, publication, distribution, manufacture, or copyright notice 2019
Date of production, publication, distribution, manufacture, or copyright notice ©2019
300 ## - PHYSICAL DESCRIPTION
Extent xii, 95 pages :
Other physical details colour illustrations, colour photographs, colour charts ;
Dimensions 23 cm
336 ## - CONTENT TYPE
Source rdacontent
Content type term text
337 ## - MEDIA TYPE
Source rdamedia
Media type term unmediated
338 ## - CARRIER TYPE
Source rdacarrier
Carrier type term volume
500 ## - GENERAL NOTE
General note Includes index
504 ## - BIBLIOGRAPHY, ETC. NOTE
Bibliography, etc. note Bibliography: pages 91-92.
650 10 - SUBJECT ADDED ENTRY--TOPICAL TERM
Topical term or geographic name entry element Heart
General subdivision Diseases
Topical term or geographic name entry element Heart
General subdivision Diseases
-- Prevention
Topical term or geographic name entry element Government publications
Geographic subdivision Malaysia
700 0# - ADDED ENTRY--PERSONAL NAME
Personal name Wan Haslindawani Wan Mahmood,
Titles and other words associated with a name Dr.,
Relator term author.
942 ## - ADDED ENTRY ELEMENTS (KOHA)
Source of classification or shelving scheme Dewey Decimal Classification
Koha item type Book
Holdings
Withdrawn Not for loan Current library Shelving location Date acquired Full call number Barcode Date last seen Koha item type Total Checkouts Date last checked out
    Perpustakaan Alor Setar Pinjaman Dewasa 30/10/2019 616.12 SUH A01617883 30/10/2019 Book    
    Perpustakaan Awam Sungai Petani Pinjaman Dewasa 30/10/2019 616.12 SUH A01617884 30/10/2019 Book    
    Perpustakaan Jitra Pinjaman Dewasa 30/10/2019 616.12 SUH A01617885 30/12/2023 Book 1 09/12/2023
    Perpustakaan Kulim Pinjaman Dewasa 30/10/2019 616.12 SUH A01617886 30/10/2019 Book    
    Perpustakaan Langkawi Pinjaman Dewasa 30/10/2019 616.12 SUH A01617887 30/10/2019 Book